LEADER 01087nam--2200373---450- 001 990000822600203316 005 20060120142445.0 035 $a0082260 035 $aUSA010082260 035 $a(ALEPH)000082260USA01 035 $a0082260 100 $a20011221d2001----km-y0itay0103----ba 101 0 $aita 102 $aIT 105 $aa|||z|||001yy 200 1 $aPer antiche vie$ela giornata libera di un fotografo$fMaurizio Buscarino 210 $aMilano$cLeonardo Arte$d2001 215 $a279 p.$cfotograf.$d25 cm 410 0$12001 606 $aFotografie 676 $a779.0945 700 1$aBUSCARINO,$bMaurizio$0158619 801 0$aIT$bsalbc$gISBD 912 $a990000822600203316 951 $aXIII.5. 74(VII F 146)$b160603 L.M.$cVII F$d00078589 959 $aBK 969 $auma 979 $aCHIARA$b90$c20011221$lUSA01$h1238 979 $aCHIARA$b90$c20011221$lUSA01$h1242 979 $c20020403$lUSA01$h1728 979 $aPATRY$b90$c20040406$lUSA01$h1657 979 $aCOPAT6$b90$c20060120$lUSA01$h1424 996 $aPer antiche vie$9967183 997 $aUNISA LEADER 03659nam 22006492 450 001 9910457171203321 005 20151005020623.0 010 $a1-107-14671-2 010 $a1-139-63703-7 010 $a0-511-64818-9 010 $a0-511-19374-2 010 $a0-511-56632-8 010 $a0-511-81658-8 010 $a0-511-19448-X 035 $a(CKB)1000000000353444 035 $a(EBL)259878 035 $a(OCoLC)144618365 035 $a(SSID)ssj0000277014 035 $a(PQKBManifestationID)11204998 035 $a(PQKBTitleCode)TC0000277014 035 $a(PQKBWorkID)10245822 035 $a(PQKB)11564725 035 $a(UkCbUP)CR9780511816581 035 $a(MiAaPQ)EBC259878 035 $a(Au-PeEL)EBL259878 035 $a(CaPaEBR)ebr10130393 035 $a(OCoLC)935232835 035 $a(EXLCZ)991000000000353444 100 $a20141103d2004|||| uy| 0 101 0 $aeng 135 $aur||||||||||| 181 $ctxt$2rdacontent 182 $cc$2rdamedia 183 $acr$2rdacarrier 200 14$aThe art of molecular dynamics simulation /$fD.C. Rapaport$b[electronic resource] 205 $aSecond edition. 210 1$aCambridge :$cCambridge University Press,$d2004. 215 $a1 online resource (xiii, 549 pages) $cdigital, PDF file(s) 300 $aTitle from publisher's bibliographic system (viewed on 05 Oct 2015). 311 $a0-521-53275-2 311 $a0-521-82568-7 320 $aIncludes bibliographical references (p. 519-531) and indexes. 327 $aCover; Half-title; Title; Copyright; Contents; Preface to the first edition; Preface to the second edition; About the software; 1 Introduction; 2 Basic molecular dynamics; 3 Simulating simple systems; 4 Equilibrium properties of simple fluids; 5 Dynamical properties of simple fluids; 6 Alternative ensembles; 7 Nonequilibrium dynamics; 8 Rigid molecules; 9 Flexible molecules; 10 Geometrically constrained molecules; 11 Internal coordinates; 12 Many-body interactions; 13 Long-range interactions; 14 Step potentials; 15 Time-dependent phenomena; 16 Granular dynamics 327 $a17 Algorithms for supercomputers18 More about software; 19 The future; Appendix; References; Function index; Index; Colophon 330 $aThe extremely powerful technique of molecular dynamics simulation involves solving the classical many-body problem in contexts relevant to the study of matter at the atomistic level. Since there is no alternative approach capable of handling this extremely broad range of problems at the required level of detail, molecular dynamics methods have proved themselves indispensable in both pure and applied research. This book, first published in 2004, is a blend of tutorial and recipe collection, providing both an introduction to the subject for beginners and a reference manual for the more experienced practitioner. It is organized as a series of case studies that take the reader through each of the steps from formulating the problem, developing the necessary software, and then using the programs to make actual measurements. The second edition of the book includes a substantial amount of new material as well as completely rewritten software. 606 $aCondensed matter$xComputer simulation 606 $aMolecular dynamics$xComputer simulation 615 0$aCondensed matter$xComputer simulation. 615 0$aMolecular dynamics$xComputer simulation. 676 $a539/.6 700 $aRapaport$b D. C.$01055936 801 0$bUkCbUP 801 1$bUkCbUP 906 $aBOOK 912 $a9910457171203321 996 $aThe art of molecular dynamics simulation$92489786 997 $aUNINA LEADER 06038nam 2200889 450 001 9910828185803321 005 20230912163123.0 010 $a1-282-00850-1 010 $a9786612008504 010 $a1-4426-7673-6 024 7 $a10.3138/9781442676732 035 $a(CKB)2420000000004158 035 $a(EBL)3250358 035 $a(SSID)ssj0000301857 035 $a(PQKBManifestationID)11251732 035 $a(PQKBTitleCode)TC0000301857 035 $a(PQKBWorkID)10264874 035 $a(PQKB)10135786 035 $a(CaPaEBR)417860 035 $a(CaBNvSL)thg00600168 035 $a(DE-B1597)464614 035 $a(OCoLC)944178005 035 $a(DE-B1597)9781442676732 035 $a(Au-PeEL)EBL4671678 035 $a(CaPaEBR)ebr11257380 035 $a(OCoLC)958572015 035 $a(OCoLC)1378287981 035 $a(MdBmJHUP)musev2_104930 035 $a(VaAlCD)20.500.12592/dzn4v5 035 $a(schport)gibson_crkn/2009-12-01/6/417860 035 $a(MiAaPQ)EBC4671678 035 $a(MiAaPQ)EBC3250358 035 $a(EXLCZ)992420000000004158 100 $a20160923h19981998 uy 0 101 0 $aeng 135 $aur|n|---||||| 181 $ctxt 182 $cc 183 $acr 200 10$aLiterature in the light of the emblem $estructural parallels between the emblem and literature in the sixteenth and seventeenth centuries /$fPeter M. Daly 205 $a2nd ed. 210 1$aToronto, [Ontario] ;$aBuffalo, [New York] ;$aLondon, [England] :$cUniversity of Toronto Press,$d1998. 210 4$dİ1998 215 $a1 online resource (300 p.) 300 $aDescription based upon print version of record. 311 $a0-8020-7891-5 311 $a0-8020-0910-7 320 $aIncludes bibliographical references and indexes. 327 $a""CONTENTS""; ""PREFACE TO THE SECOND EDITION""; ""PREFACE TO THE FIRST EDITION""; ""ABBREVIATIONS""; ""1 The Emblem ""; ""Definitions and Descriptions of Emblem-Books""; ""Forerunners of the Emblem""; ""Emblem Theory in German Studies during the 1970s""; ""The Relation of the Emblem to Fact and Truth""; ""Recent Developments in Emblem Studies""; ""2 The Word-Emblem""; ""The Emblem-Book as a Source of Poetic Imagery""; ""The Emblem-Book as a Parallel for the Word-Emblem""; ""Towards a Phenomenology and Typology of the Word-Emblem""; ""The Forms of the Word-Emblem""; ""3 Emblematic Poetry"" 327 $a""Copies or Imitations of Emblems in Poetry""""The Word-Emblem as the Foundation of a Poem""; ""The Word-Emblem as a Controlling or Unifying Element in Poetry""; ""The Emblematic Poem""; ""The Pattern Poem""; ""4 Emblematic Drama""; ""The Emblematic Word in Drama""; ""The Emblematic Character""; ""The Emblematic Stage""; ""Drama as Extended Emblem""; ""5 Emblematic Narrative Prose""; ""The Emblematic World-View of the Novel""; ""Emblematic Imagery""; ""The Emblematic Episode""; ""Emblematic Narrative Structure""; ""The Emblematic Frontispiece""; ""6 Conclusion""; ""NOTES"" 327 $a""SELECTED BIBLIOGRAPHY""""Bibliographies, Lists, and Catalogues of Emblem-books""; ""Critical Studies""; ""Selection of Works in English on German Baroque Literature""; ""Recent Comparative Studies of European Literature of the Sixteenth and Seventeenth Centuries""; ""Translations of European Poetry of the Sixteenth and Seventeenth Centuries""; ""INDEX OF NAMES""; ""A""; ""B""; ""C""; ""D""; ""E""; ""F""; ""G""; ""H""; ""I""; ""J""; ""K""; ""L""; ""M""; ""N""; ""O""; ""P""; ""Q""; ""R""; ""S""; ""T""; ""V""; ""W""; ""Y""; ""Z""; ""INDEX OF EMBLEM MOTIFS""; ""A""; ""B""; ""C""; ""D""; ""E"" 327 $a""F""""g""; ""h""; ""i""; ""j""; ""k""; ""l""; ""m""; ""n""; ""o""; ""p""; ""r""; ""s""; ""t""; ""u""; ""v""; ""w""; ""y"" 330 $aThe symbolic mode of thought and expression that produced the mixed art form of the emblem also informs and shapes much of the literature of the sixteenth and seventeenth centuries. This study explores the relationship between the emblem proper and the literature of England and Germany during the period.The book proceeds from a definition of the emblem, based on a critical theory which has received little attention among English and Romance scholars, to a detailed analysis of the form and function of emblematic imagery in a variety of literary forms. The chapters following move into specific discussions of the structural affinities between emblems and poetry, drama, and fiction.The emblem-books are important as a cross-reference for the meaning of motifs in literature. They indicate what educated men knew about nature, history, and mythology and, furthermore, how they interpreted this knowledge. It is not only as a mode of thought but also as an art form that the emblem offers a valuable perspective on the purely verbal art of literature. Emblematic structure and imagery function as a formal, shaping principle in literature in all its genres and forms. Imaginatively conceived, carefully researched, and clearly presented, this book makes connections which will enrich the field of comparative studies. 606 $aEmblems$xHistory$y16th century 606 $aEmblems$xHistory$y17th century 606 $aGerman literature$yEarly modern, 1500-1700$xHistory and criticism 606 $aEnglish literature$yEarly modern, 1500-1700$xHistory and criticism 607 $aDeutschland$2swd 607 $aDeutschland$2gnd 607 $aEngland$2gnd 608 $aLivres numeriques. 608 $aCriticism, interpretation, etc. 608 $ae-books. 608 $aElectronic books. 615 0$aEmblems$xHistory 615 0$aEmblems$xHistory 615 0$aGerman literature$xHistory and criticism. 615 0$aEnglish literature$xHistory and criticism. 676 $a809.915 700 $aDaly$b Peter M$g(Peter Maurice),$0923121 801 0$bMiAaPQ 801 1$bMiAaPQ 801 2$bMiAaPQ 906 $aBOOK 912 $a9910828185803321 996 $aLiterature in the light of the emblem$94078134 997 $aUNINA